Responses for Show #5958 - Wednesday, July 7, 2010

2010 Kids Week game 3.

Contestants

[<< previous game]

Bryce Piotrowski, a twelve-year-old from Madison, Wisconsin

Joli Millner, an eleven-year-old from Charlottesville, Virginia

Molly Gier, a twelve-year-old from Chesterfield, Missouri

[next game >>]

Jeopardy! Round responses

CONTINENT BY COUNTRIES
WHAT'S FOR LUNCH?
TOYS & GAMES
THAT'S HISTORY, KIDS!
AM I BLUE?
SPELL IT OUT FOR ME
(Alex: And you have to spell the important word in the response.)
    $200 2
South America

Bryce
    $200 7
Lasagna

Bryce
    $200 1
Sorry!

Bryce
    $200 19
a dictionary

Bryce
    $200 16
(Alex: ...Well, in a sense, it was pretty super, 'cause it beat him.)
[Joli giggles.]
(Alex: You go again. It was an IBM [*].)

a computer (a supercomputer accepted)

Joli
    $200 26
E-I-G-H-T-H

Bryce
    $400 3
Europe

Bryce
    $400 8
a falafel

Bryce
    $400 12
Zhu Zhu Pets

Bryce
    $400 20
the Atlantic Ocean

Bryce
    $400 17
(Joli: What is West Virginia?)

North Carolina

JoliBryce
    $400 27
O-X-Y-G-E-N

Molly
    $600 4
(Molly: What is South America?)

North America

MollyJoli
    $600 9
clam chowder

Molly
    $600 13
Lego

Joli
    $600 21
Rome

Joli
    $1,600 18
cheese

Bryce
    $600 28
F-E-B-R-U-A-R-Y

Molly
    $800 5
Africa

Bryce
    $800 10
latkes

Joli
    $800 14
(Molly: What are Transformers?)

Bakugan

MollyJoli
    $800 22
Australia

Joli
    $800 24
a cat

Molly
    $800 29
P-R-E-S-C-R-I-P-T-I-O-N

Bryce
    $1000 6
Asia

Joli
    $1000 11
a mushroom

Joli
    $1000 15
Scrabble Slam!

Molly
    $1000 23
Mexico City

Triple Stumper
    $1000 25
a whale

Bryce
    $1000 30
E-E-R-I-E

Molly

Scores at the first commercial break (after clue 15):

Molly Joli Bryce
$200 $4,800 $2,600

Scores at the end of the Jeopardy! Round:

Molly Joli Bryce
$3,000 $6,000 $7,200

Double Jeopardy! Round responses

U.S. PRESIDENTS
ENTERTAIN ME!
FANTASTIC MR. FOX
BOOK WORMS
NATIONAL GEOGRAPHIC KIDS
(Alex: Yes, the popular magazine.)
EXCEPTIONAL WORDS
(Alex: Each of the correct reponses in that category will be a word that you can form from the letters in "exceptional".)
    $400 16
Obama

Bryce
    $400 3
"put a ring on it"

Joli
    $400 8
cubs

Bryce
    $400 1
an earthworm

Bryce
    $400 22
China

Molly
    $400 21
expel

Molly
    $800 17
(Molly: Who is Herbert Hoover?)

(Woodrow) Wilson

MollyJoli
    $800 4
(Joli: What is Dancing with the Stars?)

Ice

MollyJoli
    $800 9
white

Joli
    $800 2
hook

Molly
    $800 23
King Tut

Joli
    $800 26
a niece

Molly
    $1200 18
Martin Van Buren

Bryce
    $1200 5
Bindi (Sue Irwin)

Molly
    $1200 10
a dog

Joli
    $1200 13
a Diary

Molly
    $1200 24
(Molly: What is the bottleneck?)
(Alex: The... say it again?)
(Molly: What is the bottleneck?)
(Alex: No.)

the bottlenose

MollyJoli
    $3,000 27
(Molly: What is venom?)

toxic

Molly
    $1600 19
Theodore Roosevelt

Joli
    $1600 6
Ponyo

Joli
    $1600 11
India

Molly
    $1600 14
an inchworm

Molly
    $1600 25
(Joli: What is the Saraha?)

the Kalahari

JoliBryce
    $2000 20
(Bryce: Who was LBJ?)

(Gerald) Ford

JoliBryce
    $2000 7
(Joli: [Silence])
(Bryce: What are the three blind mice?)

The Rescuers

JoliBryce
Triple Stumper
    $2000 12
(Molly: What is their pen?)
(Joli: What is the chicken house?)

the henhouse

MollyJoli
Triple Stumper
    $2,000 15
(Molly: What is a rattlesnake?)

Cleopatra

Molly
    $2000 28
(Molly: Who is Abraham?)
[The end-of-round signal sounds.]

Joshua

Molly
Triple Stumper

Scores at the end of the Double Jeopardy! Round:

Molly Joli Bryce
$800 $10,000 $7,200

[wagering suggestions for these scores]

Final Jeopardy! Round responses

GEOGRAPHY
MollyWhat are Texas and New Mexico
$800
BryceWhat are Texas and New Mexico
$6,500
JoliWhat are Texas + (something scribbled out ) Arizona
$4,401
(2 of) Texas, New Mexico, Arizona & California

Final scores:

Molly Joli Bryce
$1,600 $14,401 $13,700
3rd place: $1,000 Winner: $15,000 + a Lindblad Expeditions family cruise to Mexico's Baja Peninsula 2nd place: $2,000

Game dynamics:

Coryat scores:

Molly Joli Bryce
$5,800 $10,000 $6,200
15 R,
8 W
(including 2 DDs)
18 R,
5 W
19 R
(including 1 DD),
2 W

Combined Coryat: $22,000

[game clues] [game scores] [suggest correction]

Game tape date: 2010-03-08
The J! Archive is created by fans, for fans. Scraping, republication, monetization, and malicious use prohibited; this site may use cookies and collect identifying information. See terms. The Jeopardy! game show and all elements thereof, including but not limited to copyright and trademark thereto, are the property of Jeopardy Productions, Inc. and are protected under law. This website is not affiliated with, sponsored by, or operated by Jeopardy Productions, Inc. Join the discussion at JBoard.tv.